Komparatívna analýza daňového zaťaženia podnikateľov v SR a vo vybranej európskej krajine (Nórsko) diplomová práca

Salvato in:
Dettagli Bibliografici
Autore principale: Bachmanová, Jana
Ente Autore: Fakulta hospodárskej informatiky EU. Katedra účtovníctva a audítorstva
Altri autori: Solík, Ján
Natura: Libro
Lingua:slovacco
Pubblicazione: Bratislava 2010
Tags: Aggiungi Tag
Nessun Tag, puoi essere il primo ad aggiungerne!!

MARC

LEADER 00000nam$a2200000$$$4500
001 0118655
005 20240318122414.2
041 0 |a slo 
044 |a SK 
245 1 0 |a Komparatívna analýza daňového zaťaženia podnikateľov v SR a vo vybranej európskej krajine (Nórsko)  |b diplomová práca  |c Jana Bachmanová ; škol. Ján Solík 
264 1 |a Bratislava  |c 2010 
300 |a 66 s. 
100 1 |a Bachmanová, Jana 
700 1 |a Solík, Ján 
710 2 |a Fakulta hospodárskej informatiky EU. Katedra účtovníctva a audítorstva